Financial accounting : the impact on decision makers /

Guardat en:
Dades bibliogràfiques
Autor principal: Porter, Gary A., 1950-
Altres autors: Norton, Curtis L.
Format: Sách giấy
Publicat: Fort Worth, Tex. : Dryden Press, c1995.
Col·lecció:The Dryden series in accounting
Matèries:
Etiquetes: Afegir etiqueta
Sense etiquetes, Sigues el primer a etiquetar aquest registre!
Thư viện lưu trữ: Thư viện Trường Đại học Đà Lạt
LEADER 01058nam a2200373 4500
001 DLU060051871
005 ##20060322
008 ##940805s1995 txua b 001 0 eng d
010 # # |a  94070134  
020 # # |a 0155001922 
035 # # |9 (DLC) 94070134 
035 # # |a (OCoLC)32811598  
040 # # |a MiYEM  |c MiYEM  |d DLC 
042 # # |a lccopycat 
050 # # |a HF5635  |b .P853 1995 
082 # # |a 657  |b PO-G 
100 # # |a Porter, Gary A.,  |d 1950- 
245 # # |a Financial accounting :  |b the impact on decision makers /  |c Gary A. Porter, Curtis L. Norton. 
260 # # |a Fort Worth, Tex. :  |b Dryden Press,  |c c1995. 
300 # # |a 559 p. :  |b col. ill. ;  |c 26 cm. 
440 # # |a The Dryden series in accounting 
504 # # |a Includes bibliographical references and indexes. 
650 # # |a Accounting. 
700 # # |a Norton, Curtis L. 
923 # # |a 01/2006 
992 # # |a 22.400 
994 # # |a DLU 
900 # # |a True 
911 # # |a Đào Thị Thu Huyền 
925 # # |a G 
926 # # |a A 
927 # # |a SH 
980 # # |a Thư viện Trường Đại học Đà Lạt